| 000 | 00000nam 2200000zi 4500 |
| 001 | 9.921110 |
| 003 | CaOODSP |
| 005 | 20230428144302 |
| 006 | m o d f |
| 007 | cr |n||||||||| |
| 008 | 230320t20232023onca o f000 0 eng d |
| 020 | |a9780660480862 |
| 040 | |aCaOODSP|beng|erda|cCaOODSP |
| 043 | |an-cn--- |
| 086 | 1 |aNR16-396/2023E-PDF |
| 245 | 00|aTechnologies for Indigenous languages in Canada. |
| 264 | 1|a[Ottawa] : |bNational Research Council Canada = Conseil national de recherches Canada, |c[2023] |
| 264 | 4|c©2023 |
| 300 | |a1 online resource (5 unnumbered pages) : |bcolour illustrations |
| 336 | |atext|btxt|2rdacontent |
| 337 | |acomputer|bc|2rdamedia |
| 338 | |aonline resource|bcr|2rdacarrier |
| 500 | |aIssued also in French under title: Technologies pour les langues autochtones canadiennes. |
| 650 | 0|aIndigenous peoples|zCanada|xLanguages. |
| 650 | 0|aLanguage and languages|xComputer-assisted instruction. |
| 710 | 2 |aNational Research Council Canada, |eissuing body. |
| 775 | 08|tTechnologies pour les langues autochtones canadiennes.|w(CaOODSP)9.921112 |
| 795 | |tTechnologies for Indigenous languages in Canada.|w(CaOODSP)9.911415 |
| 856 | 40|qPDF|s1.35 MB|uhttps://publications.gc.ca/collections/collection_2023/cnrc-nrc/NR16-396-2023-eng.pdf |